000 00814nas a2200289 4500
001 BR9700119
003 BR-BrBNA
005 20231205095935.0
007 ta
008 230509b bl.|||p| |||| 00| 00por d
040 _aBR-BrBNA
_bpor
_cBiblioteca Nacional de Agricultura
041 _a(Pt)
072 _aF60
100 1 _aGaertner, C.
100 1 _aLustosa, S.B.C.
100 1 _aScutti, M.B.
100 1 _aTosin, J.C.
100 1 _aSchuhmacher, F.E.
100 1 _aPrevedello, B.M.S.
245 1 _aNiveis de enxofre no crescimento da canola
650 _aColza
650 _aEnxofre
650 _aCrescimento
773 0 _tRevista do Setor de Ciencias Agrarias (Brazil)
_xISSN 0100-607X
_g(1996), v. 15(1) p. 67-76
_wBR9700119
909 _a202311
_bLúcia
_c55
_dLúcia Elande
942 _2AGRIS
_n0
_cANA
999 _c153571
_d153571